Statistics for Countries Bordering Poland in 1939

Click here to take the quiz!

General Stats

  • This quiz has been taken 125 times
    (110 since last reset)
  • The average score is 6 of 7

Answer Stats

Country% Correct
Germany
100%
Slovak Republic
97%
Soviet Union
93%
Lithuania
86%
Romania
85%
Hungary
78%
Latvia
73%

Score Distribution

Percentile by Number Answered

Percent of People with Each Score

Your Score History

You have not taken this quiz since the last reset